000 01115cam a22003017a 4500
999 _c14210
_d14210
003 EG-ScBUE
005 20200122152816.0
008 100624s1996 ua f b 000 0 ara d
017 _a1995 / 9219
020 _a9770514101
040 _aEG-ScBUE
_bara
_erda
_cEG-ScBUE
_dEG-ScBUE
082 0 4 _a892.7099282
_bح د ي
_222
100 1 _aحديدي، علي،
_eمؤلف.
_915197
245 1 0 _aفي أدب الأطفال /
_cالدكتور علي الحديدي، أستاذ الأدب الحديث، جامعة عين شمس.
250 _aالطبعة السابعة،
_bمزيدة ومنقحة
264 1 _aالقاهرة :
_bمكتبة الأنجلو المصرية،
_c1996.
300 _a463 صفحة ؛
_c24 سم
336 _2rdacontent
_aنص
_btxt
337 _2rdamedia
_aبدون وسيط
_bn
338 _2rdacarrier
_aمجلد
_bnc
504 _aيشتمل علي إرجاعات ببليوجرافية.
590 _aeman
650 7 _aأدب الأطفال
_xتاريخ ونقد.
_2BUEsh
_913676
651 _2BUEsh
653 _bARALIT
_cJanuary2020
655 _vReading book
942 _2ddc
_cBB